| 000 | 01422nam a22002897a 4500 | ||
|---|---|---|---|
| 001 | 8837 | ||
| 003 | FISKH | ||
| 005 | 20251022123633.0 | ||
| 008 | 251022b cb ||||| |||| 00| 0 eng d | ||
| 040 |
_aFISKH _bkhr _cFISKH _dFISKH |
||
| 050 | _aPZ7 | ||
| 082 | _a895 | ||
| 100 | _aBrus, Choeurn | ||
| 245 |
_aកូនរមាសចង់ជិះកង់ / _cអ្នកនិពន្ធនិងវិចិត្រករ ជឿន ប្រុស |
||
| 260 |
_aPhnom Penh : _bមូលនិធីអាសុី , _c2020 . |
||
| 300 |
_a16 pages : _bcolor illustrations ; _c21 * 30 cm . |
||
| 505 | _aH | ||
| 520 | _aកូនរមាសដល់អាយុដែលត្រូវចូលរៀន ។ វាទៅរៀនយឺតរាល់ព្រឹកដោយសារតែវាដើរ ដូច្នេះហើយទើបវាចង់ជិះកង់ទៅរៀន ។ | ||
| 520 | _aBaby rhino reached the age to start school. He was late every morning because he walked, so he wanted to ride a bicycle to school. | ||
| 521 | 8 |
_a400
_bLexile estimate |
|
| 521 | 8 |
_aH
_bRaz-Plus |
|
| 650 |
_aកូនរមាសចង់ជីះកង់ _vរឿងនិទានកុមារ |
||
| 650 |
_aBaby rhino wants to ride a bicycle _vChildren's Stories |
||
| 700 |
_aKeamesa, Ong _eIllustrator |
||
| 942 |
_2ddc _cKHB _n0 |
||
| 999 |
_c8837 _d8837 |
||